|
|
|
|
| LEADER |
00941nam a2200241 a 4500 |
| 001 |
1198368 |
| 008 |
091121s1999 maua b 001 0 eng d |
| 010 |
|
|
|a \\\98023775
|
| 020 |
|
|
|a 0070470944 (alk. paper)
|
| 040 |
|
|
|a DLC
|c DLC
|d DLC
|
| 082 |
0 |
0 |
|a 330
|2 21
|
| 100 |
1 |
|
|a McConnell, Campbell R.
|
| 245 |
1 |
0 |
|a Economics :
|b principles, problems, and policies /
|c Campbell R. McConnell, Stanley L. Brue.
|
| 250 |
|
|
|a 14th ed.
|
| 260 |
|
|
|a Boston, MA :
|b Irwin/McGraw-Hill,
|c c1999.
|
| 300 |
|
|
|a xxxii, 849, 46 p. :
|b col. ill. ;
|c 26 cm.
|
| 504 |
|
|
|a Includes bibliographical references and index.
|
| 541 |
1 |
|
|e 00008191
|
| 650 |
|
0 |
|a Economics.
|
| 700 |
1 |
|
|a Brue, Stanley L.,
|d 1945-
|
| 852 |
4 |
|
|a Ayesha Abed Library
|j General shelf
|
| 999 |
|
|
|c 5748
|d 5748
|
| 952 |
|
|
|0 0
|1 0
|2 ddc
|4 0
|6 330_MAC
|7 0
|9 5686
|a BRACUL
|b BRACUL
|c GEN
|d 2009-11-21
|g 0.00
|l 2
|m 12
|o 330 MAC
|p 3010008191
|r 2015-03-28
|s 2015-01-20
|t 1
|w 2009-11-21
|y BK
|x No price found in the accession register.
|